000 00340nam a22001337a 4500
005 20251108175836.0
008 250721s1982 xx 000 0 ara d
082 1 4 _aط/531/جون
100 1 _aبول, جون و دوروثي
245 1 0 _aالميكانيكا الميسرة /
264 _c1982.
942 _2ddc
_cBK
999 _c143732
_d143732